000
00196 a2200085 4500
001
60581
090
_c
37019
_d
37019
245
_a
The Personality of Allah's Last Messenger Muhammad( PBUH)
260
_a
Karachi
942
_a
NUST-CAE
999
_c
295654
_d
295654